[Event "CZE-ch Amateurs Blitz"]
[Site "Hluk"]
[Date "2025.05.09"]
[Round "5"]
[White "Karnik, Pavel"]
[Black "Velim, Vojtech"]
[Result "1-0"]
[WhiteElo "2235"]
[BlackElo "2157"]
[PlyCount "123"]
[EventDate "2025.05.09"]
[EventType "swiss (blitz)"]
[EventRounds "13"]
[EventCountry "CZE"]
[SourceTitle "CB20_2025"]
[SourceDate "2025.05.14"]
[SourceVersion "1"]
[SourceVersionDate "2025.05.14"]
[SourceQuality "1"]

1. d4 Nf6 2. c3 d5 3. Bg5 Ne4 4. Bf4 e6 5. f3 Nf6 6. Nd2 Bd6 7. Bg5 h6 8. Bh4 Nbd7 9. e4 dxe4 10. fxe4 e5 11. Ngf3 Qe7 12. Bd3 g5 13. Bg3 exd4 14. Bxd6 Qxd6 15. cxd4 Qb6 16. Qb3 g4 17. Qxb6 axb6 18. Nh4 c5 19. Nb3 c4 20. Bxc4 Nxe4 21. 0-0 0-0 22. Nf5 Kh7 23. Bd3 Ndf6 24. Nd6 Kh8 25. Nxe4 Nxe4 26. Bxe4 f5 27. Bd5 f4 28. a3 Bf5 29. Rae1 Rad8 30. Bxb7 Bc2 31. Nd2 Rxd4 32. Ne4 Bd3 33. Rf2 Rb8 34. Bc6 Rc8 35. Bb7 Rc7 36. Ba8 Rc8 37. Rxf4 Rxa8 38. Rxg4 Re8 39. Rg6 Rexe4 40. Rxe4 Rxe4 41. Rxh6+ Kg7 42. Rxb6 Re2 43. g3 Be4 44. a4 Rg2+ 45. Kf1 Rxh2 46. a5 Rh3 47. a6 Rxg3 48. a7 Rd3 49. Rb8 Rd1+ 50. Ke2 Rb1 51. Kd2 Bc6 52. Kc2 Be4+ 53. Kc3 Kf6 54. Kd4 Bc6 55. Kc5 Bg2 56. b4 Ke7 57. b5 Kd7 58. b6 Rc1+ 59. Kd4 Rc8 60. b7 Bxb7 61. Rxb7+ Kc6 62. Rb8 1-0

[Event "CZE-ch Amateurs Blitz"]
[Site "Hluk"]
[Date "2025.05.09"]
[Round "2"]
[White "Kralovsky, Martin"]
[Black "Velim, Vojtech"]
[Result "1-0"]
[WhiteElo "1931"]
[BlackElo "2157"]
[PlyCount "61"]
[EventDate "2025.05.09"]
[EventType "swiss (blitz)"]
[EventRounds "13"]
[EventCountry "CZE"]
[SourceTitle "CB20_2025"]
[SourceDate "2025.05.14"]
[SourceVersion "1"]
[SourceVersionDate "2025.05.14"]
[SourceQuality "1"]

1. e4 c5 2. c3 e6 3. d4 cxd4 4. cxd4 d5 5. e5 Nc6 6. Nf3 Qb6 7. Be2 Bd7 8. 0-0 Nh6 9. Bxh6 gxh6 10. Qd2 Rg8 11. a3 Rc8 12. b4 Rg4 13. h3 Rg8 14. Nc3 a6 15. Na4 Qd8 16. Nc5 Bxc5 17. bxc5 Kf8 18. Qxh6+ Rg7 19. Rab1 Rb8 20. Rb6 Kg8 21. Rfb1 Qf8 22. Qh4 Nd8 23. Bxa6 Kh8 24. Bxb7 Qg8 25. g3 Ba4 26. Qf6 Bc2 27. R1b2 Be4 28. c6 h5 29. c7 Kh7 30. Qf4 f5 31. cxb8Q 1-0

[Event "CZE-ch Amateurs Blitz"]
[Site "Hluk"]
[Date "2025.05.09"]
[Round "12"]
[White "Leftheriotis, Alexandros"]
[Black "Velim, Vojtech"]
[Result "1-0"]
[WhiteElo "2019"]
[BlackElo "2157"]
[PlyCount "93"]
[EventDate "2025.05.09"]
[EventType "swiss (blitz)"]
[EventRounds "13"]
[EventCountry "CZE"]
[SourceTitle "CB20_2025"]
[SourceDate "2025.05.14"]
[SourceVersion "1"]
[SourceVersionDate "2025.05.14"]
[SourceQuality "1"]

1. e4 c6 2. d4 d5 3. e5 Bf5 4. h4 h5 5. Bd3 Bxd3 6. Qxd3 Qa5+ 7. Nd2 e6 8. Ngf3 Ne7 9. 0-0 Nd7 10. c4 Qc7 11. b3 Nf5 12. a4 Be7 13. Ba3 Nxh4 14. Nxh4 Bxh4 15. cxd5 cxd5 16. Rac1 Qa5 17. Bd6 Be7 18. Rc7 Bxd6 19. exd6 Qb4 20. Rfc1 Qxd6 21. Qb5 Ke7 22. Nf3 f6 23. Nh4 Rh6 24. Rxb7 a6 25. Qa5 g5 26. Nf3 Rd8 27. Rcc7 g4 28. Nh4 f5 29. Qd2 Rf6 30. Qg5 Kf7 31. Qxh5+ Ke7 32. Qh7+ Rf7 33. Qh6 Rg8 34. Rxd7+ Qxd7 35. Rxd7+ Kxd7 36. Qf4 Rh7 37. g3 Rf7 38. Qd2 Rb8 39. b4 Rg8 40. b5 axb5 41. axb5 Rb8 42. Ng6 Rg7 43. Ne5+ Ke7 44. Qb4+ Kf6 45. Qd6 Rxb5 46. Qd8+ Re7 47. Qf8+ 1-0

[Event "CZE-ch Amateurs Blitz"]
[Site "Hluk"]
[Date "2025.05.09"]
[Round "7"]
[White "Siles, Jan"]
[Black "Velim, Vojtech"]
[Result "0-1"]
[WhiteElo "1882"]
[BlackElo "2157"]
[PlyCount "68"]
[EventDate "2025.05.09"]
[EventType "swiss (blitz)"]
[EventRounds "13"]
[EventCountry "CZE"]
[SourceTitle "CB20_2025"]
[SourceDate "2025.05.14"]
[SourceVersion "1"]
[SourceVersionDate "2025.05.14"]
[SourceQuality "1"]

1. d4 Nf6 2. Bg5 Ne4 3. Bf4 d5 4. f3 Nf6 5. e4 dxe4 6. fxe4 Nxe4 7. Nf3 Bg4 8. Bc4 e6 9. 0-0 Bd6 10. Bxd6 Qxd6 11. c3 0-0 12. Bd3 Nf6 13. Nbd2 Nbd7 14. Qe1 c5 15. Ne4 Nxe4 16. Qxe4 Bf5 17. Qe3 Bxd3 18. Qxd3 Nf6 19. Rad1 cxd4 20. Nxd4 Rad8 21. Qf3 Kh8 22. Rfe1 e5 23. Nf5 Qb6+ 24. Kh1 Rxd1 25. Rxd1 Rd8 26. Rf1 e4 27. Qg3 Rg8 28. Ne7 Re8 29. Nf5 Nh5 30. Qg4 Qg6 31. Qe2 Rd8 32. Qb5 a6 33. Qxb7 Qxf5 34. h3 Qxf1+ 0-1

[Event "CZE-ch Amateurs Blitz"]
[Site "Hluk"]
[Date "2025.05.09"]
[Round "3"]
[White "Velim, Vojtech"]
[Black "Martianov, Andre"]
[Result "1-0"]
[WhiteElo "2157"]
[BlackElo "2043"]
[PlyCount "99"]
[EventDate "2025.05.09"]
[EventType "swiss (blitz)"]
[EventRounds "13"]
[EventCountry "CZE"]
[SourceTitle "CB20_2025"]
[SourceDate "2025.05.14"]
[SourceVersion "1"]
[SourceVersionDate "2025.05.14"]
[SourceQuality "1"]

1. Nf3 f5 2. c4 Nf6 3. Nc3 g6 4. d3 Bg7 5. e4 d6 6. Be2 0-0 7. 0-0 c6 8. Re1 Kh8 9. Bf1 e5 10. Bg5 h6 11. Bxf6 Qxf6 12. Kh1 Na6 13. Qd2 Nc5 14. b4 Ne6 15. Rad1 f4 16. h3 g5 17. Nh2 h5 18. Be2 Qh6 19. Rb1 Nd4 20. f3 Be6 21. Bd1 Bf6 22. Ne2 Rg8 23. Nxd4 exd4 24. Kg1 Rg7 25. c5 Be5 26. cxd6 Bxd6 27. e5 Be7 28. b5 c5 29. Bb3 Rag8 30. Bxe6 Qxe6 31. Qc2 g4 32. hxg4 Bh4 33. Re4 Bg3 34. Nf1 hxg4 35. Nxg3 fxg3 36. f4 Qh6 37. Kf1 Qh1+ 38. Ke2 Qxg2+ 39. Kd1 Qf3+ 40. Qe2 g2 41. Kd2 Rh7 42. Rg1 Rh1 43. Rxg2 Ra1 44. Qxf3 gxf3 45. Rxg8+ Kxg8 46. f5 Rxa2+ 47. Ke1 Kf7 48. e6+ Ke7 49. f6+ Kxf6 50. e7 1-0

[Event "CZE-ch Amateurs Blitz"]
[Site "Hluk"]
[Date "2025.05.09"]
[Round "11"]
[White "Velim, Vojtech"]
[Black "Pressler, Tobias"]
[Result "0-1"]
[WhiteElo "2157"]
[BlackElo "2098"]
[PlyCount "131"]
[EventDate "2025.05.09"]
[EventType "swiss (blitz)"]
[EventRounds "13"]
[EventCountry "CZE"]
[SourceTitle "CB20_2025"]
[SourceDate "2025.05.14"]
[SourceVersion "1"]
[SourceVersionDate "2025.05.14"]
[SourceQuality "1"]

1. Nf3 d5 2. c4 Nf6 3. cxd5 Nxd5 4. e4 Nb6 5. Nc3 c5 6. a4 Nc6 7. a5 Nd7 8. Qa4 a6 9. Bc4 e6 10. 0-0 Be7 11. d3 0-0 12. Be3 Nde5 13. Nxe5 Nxe5 14. h3 Bd7 15. Qc2 Nxc4 16. dxc4 Bc6 17. Na4 Bxa4 18. Qxa4 Qc7 19. Rad1 Rad8 20. f4 Rxd1 21. Rxd1 Rd8 22. Rxd8+ Qxd8 23. Qb3 Qxa5 24. Qxb7 Qe1+ 25. Kh2 Qxe3 26. Qxe7 Qxf4+ 27. Kg1 g6 28. Qxc5 Qxe4 29. Qc8+ Kg7 30. Qxa6 Qb1+ 31. Kh2 Qxb2 32. Qb5 Qd4 33. c5 Qf4+ 34. Kg1 Qe3+ 35. Kf1 Qc1+ 36. Ke2 Qc2+ 37. Kf3 Qf5+ 38. Ke3 Qe5+ 39. Kf2 Qd4+ 40. Kg3 e5 41. Kf3 e4+ 42. Ke2 e3 43. Qa5 Qe5 44. Qb4 f5 45. Qb7+ Kh6 46. Qb4 f4 47. c6 Qg5 48. Qf8+ Kh5 49. c7 Qxg2+ 50. Kd3 Qd5+ 51. Ke2 Qc4+ 52. Kf3 Qxc7 53. Qf6 Qb7+ 54. Kxf4 Qb4+ 55. Kxe3 Qe1+ 56. Kd3 Qb1+ 57. Ke3 Qc1+ 58. Kd3 Qa3+ 59. Ke2 Qxh3 60. Qg7 Qe6+ 61. Kf2 Qf5+ 62. Kg2 g5 63. Qg8 h6 64. Qe8+ Kh4 65. Qe1+ Kh5 66. Qe8+ 0-1

[Event "CZE-ch Amateurs Blitz"]
[Site "Hluk"]
[Date "2025.05.09"]
[Round "6"]
[White "Velim, Vojtech"]
[Black "Topencik, Bruno"]
[Result "1/2-1/2"]
[WhiteElo "2157"]
[BlackElo "2033"]
[PlyCount "87"]
[EventDate "2025.05.09"]
[EventType "swiss (blitz)"]
[EventRounds "13"]
[EventCountry "CZE"]
[SourceTitle "CB20_2025"]
[SourceDate "2025.05.14"]
[SourceVersion "1"]
[SourceVersionDate "2025.05.14"]
[SourceQuality "1"]

1. Nf3 d5 2. c4 e6 3. e3 Nf6 4. Nc3 c6 5. b3 Bd6 6. Bb2 0-0 7. Be2 Nbd7 8. Rc1 a6 9. 0-0 e5 10. cxd5 cxd5 11. d4 e4 12. Nd2 b5 13. Re1 Nb6 14. f3 exf3 15. Bxf3 Bb7 16. Qc2 Rc8 17. Qd3 Re8 18. e4 dxe4 19. Ndxe4 Nxe4 20. Nxe4 Rxc1 21. Bxc1 f5 22. Nf6+ gxf6 23. Rf1 Be4 24. Qd2 Nd5 25. Qh6 Qe7 26. Qh5 Qf7 27. Qh6 Qg6 28. Qh3 b4 29. Bh5 Bxg2 30. Qxg2 Qxg2+ 31. Kxg2 Ne3+ 32. Bxe3 Rxe3 33. Rxf5 Kg7 34. Rd5 Bf4 35. Rf5 Bg5 36. Ra5 Rd3 37. d5 f5 38. Bf3 Rd2+ 39. Kg1 Be3+ 40. Kh1 Rf2 41. Bg2 Re2 42. Bf3 Rf2 43. Bg2 Re2 44. Bf3 1/2-1/2

[Event "CZE-ch Amateurs Blitz"]
[Site "Hluk"]
[Date "2025.05.09"]
[Round "13"]
[White "Velim, Vojtech"]
[Black "Vilimek, Vit"]
[Result "0-1"]
[WhiteElo "2157"]
[BlackElo "2073"]
[PlyCount "120"]
[EventDate "2025.05.09"]
[EventType "swiss (blitz)"]
[EventRounds "13"]
[EventCountry "CZE"]
[SourceTitle "CB20_2025"]
[SourceDate "2025.05.14"]
[SourceVersion "1"]
[SourceVersionDate "2025.05.14"]
[SourceQuality "1"]

1. Nf3 Nf6 2. c4 g6 3. Nc3 Bg7 4. d4 d5 5. Bf4 0-0 6. e3 c5 7. Rc1 Qa5 8. Be5 cxd4 9. exd4 Nc6 10. Bxf6 Bxf6 11. cxd5 Nb4 12. Qb3 Rd8 13. Bc4 b5 14. Bxb5 Nxd5 15. Bc6 Nxc3 16. bxc3 Be6 17. d5 Rab8 18. Qc4 Bxd5 19. Bxd5 Qxd5 20. Qxd5 Rxd5 21. 0-0 Rb2 22. a4 Ra2 23. Ra1 Rxa1 24. Rxa1 Bxc3 25. Rc1 Bf6 26. g4 Rd3 27. Kg2 h6 28. h4 Rc3 29. Rb1 Rc4 30. g5 hxg5 31. hxg5 Bxg5 32. Rb8+ Kg7 33. Rb7 Rxa4 34. Nxg5 Rg4+ 35. Kf3 Rxg5 36. Rxa7 Kf6 37. Kf4 Rb5 38. Ra4 g5+ 39. Kg4 Kg6 40. Kg3 Kf5 41. Rc4 Rb3+ 42. f3 e5 43. Rc7 f6 44. Rc4 Rd3 45. Ra4 Rd4 46. Ra6 g4 47. fxg4+ Rxg4+ 48. Kf3 Rb4 49. Ra3 Rb5 50. Rc3 e4+ 51. Ke3 Ke5 52. Rc8 Rb3+ 53. Ke2 Kf4 54. Rc1 Rb2+ 55. Kf1 f5 56. Rc5 e3 57. Ke1 Ke4 58. Ra5 f4 59. Ra4+ Kf3 60. Ra1 Rh2 0-1

[Event "EU Union-ch U12"]
[Site "Roznov pod Radhostem"]
[Date "2024.08.12"]
[Round "8"]
[White "Velim, Vojtech"]
[Black "Duchatel, Cyrielle"]
[Result "0-1"]
[WhiteElo "1926"]
[BlackElo "1636"]
[PlyCount "64"]
[EventDate "2024.08.05"]
[EventType "swiss"]
[EventRounds "9"]
[EventCountry "CZE"]
[SourceTitle "EXT 2025"]
[Source "ChessBase"]
[SourceDate "2024.10.14"]
[SourceVersion "1"]
[SourceVersionDate "2024.10.14"]
[SourceQuality "1"]

1. Nf3 d5 2. e3 e6 3. c4 Nf6 4. Nc3 Be7 5. b3 0-0 6. Bb2 c5 7. cxd5 Nxd5 8. Qc2 Nc6 9. h4 b6 10. a3 Bb7 11. Ng5 g6 12. Nce4 e5 13. Bc4 a6 14. Be2 f5 15. Ne6 Qc8 16. Nxf8 fxe4 17. Nxg6 hxg6 18. Qxe4 Qe6 19. Bc4 Rd8 20. f4 Bf6 21. Qxg6+ Kf8 22. e4 Bxh4+ 23. Kd1 Qxg6 24. exd5 Nd4 25. Bxd4 exd4 26. Rxh4 Qxg2 27. Kc2 Bxd5 28. Rh8+ Ke7 29. Re1+ Kd7 30. Rh7+ Kc6 31. Bd3 Qf3 32. f5 Bxb3+ 0-1

[Event "EU Union-ch U12"]
[Site "Roznov pod Radhostem"]
[Date "2024.08.11"]
[Round "7"]
[White "Velim, Vojtech"]
[Black "Petroff, Vlad"]
[Result "0-1"]
[WhiteElo "1926"]
[BlackElo "1997"]
[PlyCount "54"]
[EventDate "2024.08.05"]
[EventType "swiss"]
[EventRounds "9"]
[EventCountry "CZE"]
[SourceTitle "EXT 2025"]
[Source "ChessBase"]
[SourceDate "2024.10.14"]
[SourceVersion "1"]
[SourceVersionDate "2024.10.14"]
[SourceQuality "1"]

1. Nf3 d5 2. c4 d4 3. b4 Bg4 4. Ne5 Bf5 5. a3 f6 6. Nf3 e5 7. d3 a5 8. b5 a4 9. g3 Nd7 10. Nbd2 Nc5 11. Bg2 Qd7 12. 0-0 Bh3 13. Ne1 Bxg2 14. Nxg2 f5 15. Qc2 Nf6 16. Bb2 Be7 17. Rad1 e4 18. Qb1 0-0 19. dxe4 fxe4 20. e3 d3 21. f3 Rad8 22. fxe4 Nfxe4 23. Rxf8+ Bxf8 24. Nxe4 Nxe4 25. Ne1 Qf5 26. Rxd3 Qf2+ 27. Kh1 Qf1# 0-1

[Event "EU Union-ch U12"]
[Site "Roznov pod Radhostem"]
[Date "2024.08.10"]
[Round "6"]
[White "Fadeev, Justin Michael"]
[Black "Velim, Vojtech"]
[Result "0-1"]
[WhiteElo "1762"]
[BlackElo "1926"]
[PlyCount "82"]
[EventDate "2024.08.05"]
[EventType "swiss"]
[EventRounds "9"]
[EventCountry "CZE"]
[SourceTitle "EXT 2025"]
[Source "ChessBase"]
[SourceDate "2024.10.14"]
[SourceVersion "1"]
[SourceVersionDate "2024.10.14"]
[SourceQuality "1"]

1. e4 c6 2. Nf3 d5 3. Nc3 dxe4 4. Nxe4 Nf6 5. Nxf6+ exf6 6. Bc4 Bd6 7. 0-0 0-0 8. d4 Nd7 9. Be3 Re8 10. d5 c5 11. Bd3 Nf8 12. h3 Ng6 13. c4 Bc7 14. Bxc5 b6 15. Be3 Qd6 16. Bxg6 hxg6 17. Qd2 g5 18. b4 Rd8 19. Rfd1 Bb7 20. Qc3 Qd7 21. Rd4 Rac8 22. Qd2 Bd6 23. Rc1 Qe7 24. a3 Rc7 25. h4 gxh4 26. Rxh4 g5 27. Bxg5 fxg5 28. Nxg5 Bc8 29. Re1 Qf8 30. Ne4 f5 31. Qg5+ Rg7 32. Nf6+ Kf7 33. Rh7 Rxh7 34. Nxh7 Qh8 35. c5 bxc5 36. bxc5 Bxc5 37. Rc1 Rxd5 38. Qh4 Kg6 39. Qc4 Be6 40. Re1 Re5 41. Nf8+ Qxf8 0-1

[Event "EU Union-ch U12"]
[Site "Roznov pod Radhostem"]
[Date "2024.08.07"]
[Round "3"]
[White "Velim, Vojtech"]
[Black "Corral Nehama, Leo"]
[Result "0-1"]
[WhiteElo "1926"]
[BlackElo "1984"]
[PlyCount "136"]
[EventDate "2024.08.05"]
[EventType "swiss"]
[EventRounds "9"]
[EventCountry "CZE"]
[SourceTitle "EXT 2025"]
[Source "ChessBase"]
[SourceDate "2024.10.14"]
[SourceVersion "1"]
[SourceVersionDate "2024.10.14"]
[SourceQuality "1"]

1. d4 Nf6 2. Nf3 e6 3. c4 Bb4+ 4. Bd2 c5 5. e3 Nc6 6. a3 Bxd2+ 7. Qxd2 cxd4 8. exd4 d5 9. Nc3 a6 10. Be2 Na5 11. Rd1 Nxc4 12. Bxc4 dxc4 13. a4 0-0 14. Qe2 b5 15. axb5 axb5 16. Nxb5 Qa5+ 17. Nc3 Nd5 18. Qd2 Nxc3 19. Qxc3 Qxc3+ 20. bxc3 Bb7 21. Kd2 Ra2+ 22. Ke3 Ra3 23. Kd2 Rfa8 24. Rb1 Ra2+ 25. Ke3 Bd5 26. Rhc1 f6 27. Nd2 R8a4 28. Rb4 g5 29. g3 Kg7 30. Rxa4 Rxa4 31. Ne4 Ra2 32. Nd2 Kg6 33. f3 h5 34. h4 g4 35. fxg4 hxg4 36. Ke2 Rb2 37. Ke3 Ra2 38. Ke2 Kf5 39. Ke3 Rb2 40. Rf1+ Kg6 41. Rc1 f5 42. Ra1 Rc2 43. Ra3 Kh5 44. Ke2 f4 45. Kd1 Rb2 46. Kc1 Rb7 47. gxf4 Kxh4 48. Kd1 Kg3 49. Ra2 Kxf4 50. Ke2 g3 51. Ra8 Rg7 52. Rf8+ Kg4 53. Nf1 g2 54. Ne3+ Kg3 55. Nxg2 Kxg2 56. Kd2 Rg3 57. Rf4 Rf3 58. Rh4 Rd3+ 59. Kc2 Kg3 60. Rh8 Be4 61. Kb2 Rd2+ 62. Ka3 Bd5 63. Rf8 Rc2 64. Rg8+ Kf3 65. Kb4 Rb2+ 66. Kc5 Rb3 67. Rh8 Kg4 68. Rg8+ Kf4 0-1

[Event "EU Union-ch U12"]
[Site "Roznov pod Radhostem"]
[Date "2024.08.05"]
[Round "1"]
[White "Velim, Vojtech"]
[Black "Dabrowska, Ewa"]
[Result "1-0"]
[WhiteElo "1926"]
[BlackElo "1515"]
[PlyCount "63"]
[EventDate "2024.08.05"]
[EventType "swiss"]
[EventRounds "9"]
[EventCountry "CZE"]
[SourceTitle "EXT 2025"]
[Source "ChessBase"]
[SourceDate "2024.10.14"]
[SourceVersion "1"]
[SourceVersionDate "2024.10.14"]
[SourceQuality "1"]

1. d4 Nf6 2. c4 e6 3. Nc3 Bb4 4. Bg5 h6 5. Bh4 b6 6. e4 g5 7. e5 gxh4 8. exf6 Qxf6 9. Qf3 Qxf3 10. Nxf3 Nc6 11. h3 Rg8 12. 0-0-0 Be7 13. d5 Nd8 14. Nb5 Bd6 15. Nxd6+ cxd6 16. Nxh4 Ke7 17. g4 f6 18. Bg2 Bb7 19. Rhe1 Kf7 20. dxe6+ dxe6 21. Rxd6 Bxg2 22. Nxg2 Ke7 23. Red1 f5 24. Ne3 fxg4 25. Nxg4 Rg6 26. Ne5 Rf6 27. Rd7+ Ke8 28. Rg1 Rf5 29. Rg8+ Rf8 30. Rgg7 Rf6 31. Rde7+ Kf8 32. Nd7# 1-0

[Event "CZE-ch U12"]
[Site "Kouty nad Desnou"]
[Date "2024.03.16"]
[Round "9"]
[White "Velim, Vojtech"]
[Black "Honcharov, Makar"]
[Result "1/2-1/2"]
[WhiteElo "1889"]
[BlackElo "1872"]
[PlyCount "63"]
[EventDate "2024.03.09"]
[EventType "swiss"]
[EventRounds "9"]
[EventCountry "CZE"]
[SourceTitle "CBM 219 Extra"]
[Source "ChessBase"]
[SourceDate "2024.05.31"]
[SourceVersion "1"]
[SourceVersionDate "2024.05.31"]
[SourceQuality "1"]

1. Nf3 Nf6 2. d4 g6 3. c4 Bg7 4. Nc3 0-0 5. Bg5 d6 6. e3 h6 7. Bh4 g5 8. Bg3 Nh5 9. Bd3 Nxg3 10. hxg3 e5 11. dxe5 dxe5 12. Be4 c6 13. Qe2 f5 14. Bc2 Be6 15. Rd1 Qe7 16. a3 Qf7 17. Nd2 Nd7 18. g4 fxg4 19. Nce4 Nf6 20. Nxf6+ Qxf6 21. Ne4 Qe7 22. c5 Bf5 23. Rd6 Rad8 24. Qc4+ Kh7 25. Ng3 Bxc2 26. Qxc2+ Kg8 27. Nf5 Rxf5 28. Qxf5 Rxd6 29. cxd6 Qxd6 30. Qc8+ Kh7 31. Qf5+ Kg8 32. Qc8+ 1/2-1/2

[Event "CZE-ch U12"]
[Site "Kouty nad Desnou"]
[Date "2024.03.15"]
[Round "8"]
[White "Hladky, Mikulas"]
[Black "Velim, Vojtech"]
[Result "0-1"]
[WhiteElo "1798"]
[BlackElo "1889"]
[PlyCount "110"]
[EventDate "2024.03.09"]
[EventType "swiss"]
[EventRounds "9"]
[EventCountry "CZE"]
[SourceTitle "CBM 219 Extra"]
[Source "ChessBase"]
[SourceDate "2024.05.31"]
[SourceVersion "1"]
[SourceVersionDate "2024.05.31"]
[SourceQuality "1"]

1. e4 c6 2. Nc3 d5 3. Nf3 Nf6 4. exd5 cxd5 5. d4 Nc6 6. Bb5 Bg4 7. h3 Bxf3 8. Qxf3 e6 9. 0-0 Be7 10. Qg3 Qb6 11. Qd3 0-0 12. Bxc6 bxc6 13. Na4 Qc7 14. Bg5 Rfc8 15. Rfe1 Rab8 16. b3 c5 17. Nxc5 Bxc5 18. dxc5 Ne4 19. Be3 Nxc5 20. Bxc5 Qxc5 21. Rac1 Qa3 22. c4 dxc4 23. Rxc4 Rxc4 24. Qxc4 Qxa2 25. Rc1 h6 26. Rc3 a5 27. Qc7 Kh7 28. Qg3 Rd8 29. Qf3 Qa3 30. Kh2 Qd6+ 31. g3 Qe5 32. Re3 Qc7 33. Rc3 Qd6 34. Re3 Qe7 35. Qf5+ exf5 36. Rxe7 Rd2 37. Kg2 Kg6 38. Re5 Ra2 39. Rb5 Kf6 40. Kf3 Ra3 41. Kg2 g6 42. h4 h5 43. Kf1 Ke6 44. Ke2 Ra2+ 45. Ke3 Kd6 46. Rb7 Rb2 47. Rxf7 Rxb3+ 48. Kf4 Rb4+ 49. Ke3 Kc5 50. Rf6 Rb6 51. Rf8 Kb4 52. Rd8 a4 53. f3 a3 54. Kf4 a2 55. Rd1 Kc3 0-1

[Event "CZE-ch U12"]
[Site "Kouty nad Desnou"]
[Date "2024.03.11"]
[Round "3"]
[White "Velim, Vojtech"]
[Black "Kolar, Edvard"]
[Result "1-0"]
[WhiteElo "1889"]
[BlackElo "1759"]
[PlyCount "39"]
[EventDate "2024.03.09"]
[EventType "swiss"]
[EventRounds "9"]
[EventCountry "CZE"]
[SourceTitle "CBM 219 Extra"]
[Source "ChessBase"]
[SourceDate "2024.05.31"]
[SourceVersion "1"]
[SourceVersionDate "2024.05.31"]
[SourceQuality "1"]

1. Nf3 c5 2. c4 d6 3. Nc3 e5 4. e3 Nc6 5. d4 cxd4 6. exd4 exd4 7. Nxd4 Nf6 8. Be2 g6 9. Bg5 Bg7 10. Ndb5 0-0 11. Nxd6 Qb6 12. Ndb5 a6 13. Bxf6 Bxf6 14. Nd5 Qa5+ 15. b4 Nxb4 16. Nxf6+ Kg7 17. Kf1 Kxf6 18. Qd4+ Kf5 19. g4+ Kg5 20. h4+ 1-0

[Event "CZE-ch U12"]
[Site "Kouty nad Desnou"]
[Date "2024.03.10"]
[Round "2"]
[White "Kala, Jakub"]
[Black "Velim, Vojtech"]
[Result "0-1"]
[WhiteElo "1750"]
[BlackElo "1889"]
[PlyCount "78"]
[EventDate "2024.03.09"]
[EventType "swiss"]
[EventRounds "9"]
[EventCountry "CZE"]
[SourceTitle "CBM 219 Extra"]
[Source "ChessBase"]
[SourceDate "2024.05.31"]
[SourceVersion "1"]
[SourceVersionDate "2024.05.31"]
[SourceQuality "1"]

1. c4 Nf6 2. Nc3 e6 3. g3 d5 4. d4 c6 5. cxd5 cxd5 6. Bg2 Nc6 7. Bf4 Qb6 8. e4 dxe4 9. d5 exd5 10. Nxd5 Nxd5 11. Qxd5 Bb4+ 12. Kf1 Be6 13. Qxe4 0-0 14. Ne2 Rfe8 15. Be3 Qa6 16. Qc2 Rac8 17. Kg1 Nd4 18. Nxd4 Rxc2 19. Nxc2 Bd6 20. Nd4 Be5 21. h3 Rd8 22. Bf1 Bc4 23. Bxc4 Qxc4 24. Nb3 Bxb2 25. Rb1 Qc2 26. Kg2 h6 27. Bxa7 Ra8 28. Be3 Rxa2 29. Nd2 Bc3 30. Rhc1 Qd3 31. Nf1 b5 32. Kg1 b4 33. Rb3 Ra3 34. Rcb1 Rxb3 35. Rxb3 Qc2 36. Rxc3 bxc3 37. Bd4 Qd3 38. Bxc3 Qxc3 39. Ne3 Qa1+ 0-1

[Event "EU Union-ch U10"]
[Site "Kouty nad Desnou"]
[Date "2023.08.22"]
[Round "7"]
[White "Velim, Vojtech"]
[Black "Zilincan, Tomas"]
[Result "1-0"]
[WhiteElo "1656"]
[BlackElo "1453"]
[PlyCount "55"]
[EventDate "2023.08.16"]
[EventType "swiss"]
[EventRounds "9"]
[EventCountry "CZE"]
[SourceTitle "EXT 2024"]
[Source "ChessBase"]
[SourceDate "2023.10.10"]
[SourceVersion "1"]
[SourceVersionDate "2023.10.10"]
[SourceQuality "1"]

1. d4 d5 2. c4 e6 3. Nc3 Nf6 4. Bg5 c6 5. e3 Nbd7 6. Nf3 Qa5 7. Bxf6 Nxf6 8. Nd2 Bb4 9. Qc2 Ne4 10. Ndxe4 dxe4 11. Be2 0-0 12. 0-0 Bxc3 13. bxc3 f5 14. f3 exf3 15. Bxf3 e5 16. Qb3 e4 17. c5+ Kh8 18. Bxe4 Rf6 19. Bd3 Qc7 20. Rab1 Rh6 21. h3 Qg3 22. Rf3 Qg5 23. Rbf1 Rb8 24. c4 g6 25. e4 f4 26. Bc2 b5 27. cxb5 Rxb5 28. Qf7 1-0

[Event "EU Union-ch U10"]
[Site "Kouty nad Desnou"]
[Date "2023.08.21"]
[Round "6"]
[White "Peglau, Paul David"]
[Black "Velim, Vojtech"]
[Result "1-0"]
[WhiteElo "1768"]
[BlackElo "1656"]
[PlyCount "25"]
[EventDate "2023.08.16"]
[EventType "swiss"]
[EventRounds "9"]
[EventCountry "CZE"]
[SourceTitle "EXT 2024"]
[Source "ChessBase"]
[SourceDate "2023.10.10"]
[SourceVersion "1"]
[SourceVersionDate "2023.10.10"]
[SourceQuality "1"]

1. e4 c6 2. Nf3 d5 3. Nc3 Bg4 4. h3 Bh5 5. b3 e6 6. Bb2 Bb4 7. exd5 cxd5 8. g4 Bg6 9. Nxd5 Qxd5 10. Bxg7 f6 11. c3 Nc6 12. Bxh8 Rd8 13. Bc4 1-0

[Event "Ceske Budejovice op-B"]
[Site "Ceske Budejovice"]
[Date "2023.07.05"]
[Round "5"]
[White "Hajek, Jiri1"]
[Black "Velim, Vojtech"]
[Result "0-1"]
[WhiteElo "1692"]
[BlackElo "1483"]
[PlyCount "120"]
[EventDate "2023.07.01"]
[EventType "swiss"]
[EventRounds "9"]
[EventCountry "CZE"]
[SourceTitle "EXT 2024"]
[Source "ChessBase"]
[SourceDate "2023.10.10"]
[SourceVersion "1"]
[SourceVersionDate "2023.10.10"]
[SourceQuality "1"]

1. e4 c6 2. d4 d5 3. Nc3 dxe4 4. Nxe4 Bf5 5. Ng3 Bg6 6. Nf3 Nf6 7. Bd3 Bxd3 8. Qxd3 Nbd7 9. 0-0 Qc7 10. Ne2 e6 11. Bf4 Bd6 12. Bxd6 Qxd6 13. Qb3 0-0-0 14. c4 h5 15. a4 h4 16. h3 Rh5 17. Qe3 e5 18. d5 Qc5 19. dxc6 bxc6 20. Qxc5 Nxc5 21. Rfd1 Rxd1+ 22. Rxd1 e4 23. Nfd4 Kc7 24. b4 Nd3 25. b5 c5 26. Nb3 Rf5 27. Nc3 Nb2 28. Re1 Nxc4 29. Nxe4 Re5 30. f3 Nd6 31. Nbxc5 Nfxe4 32. Na6+ Kb6 33. fxe4 Ka5 34. Rd1 Nxe4 35. Rd7 Kxa4 36. Rxf7 Kxb5 37. Nc7+ Kc6 38. Rxg7 Ng3 39. Na6 Rf5 40. Nb8+ Kb5 41. Rb7+ Kc5 42. Rb1 a5 43. Nd7+ Kd6 44. Nb6 Kc6 45. Nc4 a4 46. Ne3 Re5 47. Kf2 Ne4+ 48. Kg1 Nc3 49. Re1 a3 50. Kf2 Kb5 51. Nc2 Rf5+ 52. Ke3 a2 53. Kd3 Rc5 54. Rf1 Nb1 55. Na1 Ka4 56. Rf8 Nc3 57. Kd4 Rc7 58. Ra8+ Kb4 59. Rb8+ Nb5+ 60. Kd3 Rc1 0-1